[Event "Uppsala Young Champions 2016"]
[Site "Uppsala Schackcentrum, Sweden"]
[Date "2016.11.01"]
[Round "7.6"]
[White "Crevatin, Leo"]
[Black "Buchert, Vitus"]
[Result "0-1"]
[BlackElo "1782"]
[WhiteElo "2030"]
[LiveChessVersion "1.4.8"]

1. d4 {[%clk 1:30:53]} Nf6 {[%clk 1:30:54]} 2. Bf4 {[%clk 1:31:21]} d5
{[%clk 1:30:13]} 3. e3 {[%clk 1:31:33]} e6 {[%clk 1:29:57]} 4. c3
{[%clk 1:31:56]} c5 {[%clk 1:30:16]} 5. Nd2 {[%clk 1:32:23]} Be7 {[%clk 1:30:29]}
6. h3 {[%clk 1:32:21]} O-O {[%clk 1:30:52]} 7. Ngf3 {[%clk 1:32:44]} Nc6
{[%clk 1:30:54]} 8. Bd3 {[%clk 1:29:34]} b6 {[%clk 1:21:48]} 9. O-O
{[%clk 1:28:05]} Bb7 {[%clk 1:21:58]} 10. Bh2 {[%clk 1:20:04]} Bd6
{[%clk 1:20:44]} 11. Ne5 {[%clk 1:17:48]} Qc7 {[%clk 1:19:28]} 12. f4
{[%clk 1:16:20]} Nd7 {[%clk 1:15:47]} 13. Qh5 {[%clk 1:11:23]} f5
{[%clk 1:15:04]} 14. Nxd7 {[%clk 0:59:49]} Qxd7 {[%clk 1:15:09]} 15. a3
{[%clk 0:58:20]} Qf7 {[%clk 1:14:04]} 16. Qxf7+ {[%clk 0:55:26]} Rxf7
{[%clk 1:14:26]} 17. Bg3 {[%clk 0:54:43]} Nb8 {[%clk 1:12:11]} 18. Bh4
{[%clk 0:54:03]} Ba6 {[%clk 1:12:04]} 19. Bxa6 {[%clk 0:54:03]} Nxa6
{[%clk 1:12:25]} 20. Rac1 {[%clk 0:52:26]} Nc7 {[%clk 1:11:56]} 21. Kf2
{[%clk 0:50:38]} Ne8 {[%clk 1:10:03]} 22. Ke2 {[%clk 0:50:33]} Rc8
{[%clk 1:05:51]} 23. b4 {[%clk 0:41:38]} cxb4 {[%clk 1:01:21]} 24. cxb4
{[%clk 0:40:56]} Rfc7 {[%clk 1:01:38]} 25. Rxc7 {[%clk 0:39:56]} Rxc7
{[%clk 1:02:02]} 26. Kd3 {[%clk 0:39:51]} Bf8 {[%clk 1:01:30]} 27. Rb1
{[%clk 0:35:31]} Nd6 {[%clk 0:57:18]} 28. Rb3 {[%clk 0:27:36]} b5
{[%clk 0:55:54]} 29. Rc3 {[%clk 0:27:32]} Rxc3+ {[%clk 0:54:51]} 30. Kxc3
{[%clk 0:28:01]} Nc4 {[%clk 0:55:05]} 31. Nxc4 {[%clk 0:27:44]} dxc4
{[%clk 0:55:31]} 32. Kc2 {[%clk 0:25:28]} Kf7 {[%clk 0:54:53]} 33. Be1
{[%clk 0:24:17]} Ke7 {[%clk 0:53:57]} 34. Bc3 {[%clk 0:24:40]} Kd6
{[%clk 0:53:30]} 35. Kd2 {[%clk 0:25:07]} Kd5 {[%clk 0:52:22]} 36. Ke2
{[%clk 0:25:29]} Ke4 {[%clk 0:52:40]} 37. Bd2 {[%clk 0:25:18]} Be7
{[%clk 0:52:22]} 38. g3 {[%clk 0:23:13]} g5 {[%clk 0:52:37]} 39. Be1
{[%clk 0:21:17]} gxf4 {[%clk 0:52:51]} 40. gxf4 {[%clk 0:21:39]} Bf6
{[%clk 0:52:49]} 41. Bc3 {[%clk 0:21:53]} Bh4 {[%clk 0:53:05]} 42. Bd2
{[%clk 0:21:48]} Bg3 {[%clk 0:53:28]} 43. Bc3 {[%clk 0:21:38]} h5
{[%clk 0:47:52]} 44. Bb2 {[%clk 0:21:42]} h4 {[%clk 0:48:14]} 45. Bc3
{[%clk 0:21:53]} Bh2 {[%clk 0:48:34]} 46. Be1 {[%clk 0:19:39]} Bg1
{[%clk 0:47:23]} 47. Bd2 {[%clk 0:19:27]} a6 {[%clk 0:47:46]} 48. Be1
{[%clk 0:18:59]} Bxe3 {[%clk 0:48:08]} 49. Bxh4 {[%clk 0:19:26]} c3
{[%clk 0:47:41]} 50. Be1 {[%clk 0:19:21]} c2 {[%clk 0:48:05]} 51. Bd2
{[%clk 0:19:47]} c1=Q {[%clk 0:48:28]} 0-1

[Event "Uppsala Young Champions 2016"]
[Site "Uppsala Schackcentrum, Sweden"]
[Date "2016.11.01"]
[Round "7.7"]
[White "Cardenas, William"]
[Black "Aira, Leonardo"]
[Result "1-0"]
[BlackElo "1861"]
[WhiteElo "1986"]
[LiveChessVersion "1.4.8"]

1. e4 {[%clk 1:30:42]} e6 {[%clk 1:30:53]} 2. Nf3 {[%clk 1:31:05]} d5
{[%clk 1:31:09]} 3. Nc3 {[%clk 1:31:31]} Nf6 {[%clk 1:30:32]} 4. e5
{[%clk 1:31:56]} Nfd7 {[%clk 1:30:56]} 5. d4 {[%clk 1:32:22]} c5 {[%clk 1:30:56]}
6. dxc5 {[%clk 1:32:47]} Bxc5 {[%clk 1:27:09]} 7. Bd3 {[%clk 1:33:06]} Nc6
{[%clk 1:24:05]} 8. Bf4 {[%clk 1:33:18]} f6 {[%clk 1:11:46]} 9. exf6
{[%clk 1:32:54]} Nxf6 {[%clk 1:12:08]} 10. O-O {[%clk 1:33:18]} O-O
{[%clk 1:12:11]} 11. Ne5 {[%clk 1:33:44]} Bd7 {[%clk 0:51:13]} 12. Qe2
{[%clk 1:30:16]} Nxe5 {[%clk 0:45:22]} 13. Bxe5 {[%clk 1:30:27]} Be8
{[%clk 0:41:15]} 14. Bg3 {[%clk 1:24:00]} Bf7 {[%clk 0:34:19]} 15. Rae1
{[%clk 1:21:43]} Nh5 {[%clk 0:31:57]} 16. Be5 {[%clk 1:20:27]} Qg5
{[%clk 0:29:36]} 17. g3 {[%clk 1:11:51]} a6 {[%clk 0:26:23]} 18. Kh1
{[%clk 1:11:41]} Nf6 {[%clk 0:17:13]} 19. f4 {[%clk 1:07:48]} Qg4
{[%clk 0:15:32]} 20. Qg2 {[%clk 1:07:31]} Qh5 {[%clk 0:03:59]} 21. h3
{[%clk 1:00:02]} Nd7 {[%clk 0:02:10]} 22. Na4 {[%clk 0:54:28]} Bg6
{[%clk 0:00:55]} 23. Be2 {[%clk 0:41:18]} Qf5 {[%clk 0:00:54]} 24. Bg4
{[%clk 0:40:10]} Qf7 {[%clk 0:01:13]} 25. Bd4 {[%clk 0:33:00]} Be4
{[%clk 0:00:34]} 26. Rxe4 {[%clk 0:33:26]} dxe4 {[%clk 0:01:03]} 27. Qxe4
{[%clk 0:30:56]} Rfe8 {[%clk 0:00:40]} 28. Nxc5 {[%clk 0:30:35]} Nxc5
{[%clk 0:01:05]} 29. Bxc5 {[%clk 0:31:02]} Rac8 {[%clk 0:00:39]} 30. b4
{[%clk 0:31:07]} Qd7 {[%clk 0:00:33]} 31. Re1 {[%clk 0:30:13]} Qc6
{[%clk 0:00:34]} 32. Qxc6 {[%clk 0:30:10]} Rxc6 {[%clk 0:01:00]} 33. Bf3
{[%clk 0:30:31]} Rc7 {[%clk 0:01:07]} 34. c3 {[%clk 0:30:03]} b6 {[%clk 0:00:43]}
35. Bd4 {[%clk 0:30:27]} Kf7 {[%clk 0:01:00]} 36. Bh5+ {[%clk 0:30:35]} g6
{[%clk 0:01:16]} 37. Bg4 {[%clk 0:31:02]} b5 {[%clk 0:00:56]} 38. h4
{[%clk 0:31:04]} h5 {[%clk 0:01:10]} 39. Bh3 {[%clk 0:30:53]} Rcc8
{[%clk 0:00:41]} 40. Kg2 {[%clk 0:30:54]} Ra8 {[%clk 0:00:58]} 41. Kf3
{[%clk 0:30:06]} a5 {[%clk 0:00:59]} 42. a3 {[%clk 0:30:32]} axb4
{[%clk 0:01:11]} 43. axb4 {[%clk 0:30:58]} Rab8 {[%clk 0:00:36]} 44. Re5
{[%clk 0:31:10]} Rb7 {[%clk 0:00:51]} 45. Ke3 {[%clk 0:31:18]} Rbb8
{[%clk 0:00:33]} 46. Kd3 {[%clk 0:30:57]} Rb7 {[%clk 0:00:57]} 47. Bg2
{[%clk 0:31:08]} Rbb8 {[%clk 0:00:47]} 48. Bc6 {[%clk 0:31:30]} Red8
{[%clk 0:01:14]} 49. Be4 {[%clk 0:30:36]} Rg8 {[%clk 0:00:55]} 50. Kc2
{[%clk 0:30:52]} Rgd8 {[%clk 0:00:57]} 51. Kb3 {[%clk 0:31:06]} Rg8
{[%clk 0:01:22]} 52. Bd3 {[%clk 0:31:16]} Rgd8 {[%clk 0:01:38]} 53. Rg5
{[%clk 0:31:06]} Rg8 {[%clk 0:01:48]} 54. Bxb5 {[%clk 0:30:53]} Ra8
{[%clk 0:01:02]} 55. Kb2 {[%clk 0:31:02]} Rad8 {[%clk 0:01:17]} 56. Bd3
{[%clk 0:31:05]} Rd5 {[%clk 0:01:08]} 57. Rxd5 {[%clk 0:30:35]} exd5
{[%clk 0:01:33]} 58. b5 {[%clk 0:31:03]} Ke6 {[%clk 0:00:44]} 59. b6
{[%clk 0:31:12]} Kd7 {[%clk 0:00:36]} 60. Bb5+ {[%clk 0:31:14]} Kc8
{[%clk 0:00:35]} 61. Bc6 {[%clk 0:31:00]} 1-0

[Event "Uppsala Young Champions 2016"]
[Site "Uppsala Schackcentrum, Sweden"]
[Date "2016.11.01"]
[Round "7.8"]
[White "Björkman, Filip"]
[Black "Bannout, Edvin"]
[Result "1-0"]
[BlackElo "1818"]
[WhiteElo "1976"]
[LiveChessVersion "1.4.8"]

1. e4 {[%clk 1:30:58]} e6 {[%clk 1:30:46]} 2. d4 {[%clk 1:31:26]} d5
{[%clk 1:31:09]} 3. e5 {[%clk 1:31:40]} c5 {[%clk 1:31:33]} 4. c3
{[%clk 1:32:06]} Nc6 {[%clk 1:32:00]} 5. Nf3 {[%clk 1:32:28]} Bd7
{[%clk 1:32:27]} 6. Bd3 {[%clk 1:32:52]} cxd4 {[%clk 1:32:01]} 7. cxd4
{[%clk 1:33:20]} Qb6 {[%clk 1:31:40]} 8. O-O {[%clk 1:33:46]} Nxd4
{[%clk 1:32:04]} 9. Nbd2 {[%clk 1:33:59]} Ne7 {[%clk 1:25:01]} 10. Nxd4
{[%clk 1:33:57]} Qxd4 {[%clk 1:25:30]} 11. Nf3 {[%clk 1:34:16]} Qb6
{[%clk 1:24:33]} 12. Be3 {[%clk 1:34:14]} Qd8 {[%clk 1:24:38]} 13. Bc5
{[%clk 1:33:24]} Nc6 {[%clk 1:17:48]} 14. Bxf8 {[%clk 1:33:39]} Kxf8
{[%clk 1:18:16]} 15. Qd2 {[%clk 1:32:06]} g6 {[%clk 1:07:16]} 16. b4
{[%clk 1:29:03]} a6 {[%clk 0:58:14]} 17. a4 {[%clk 1:27:04]} a5 {[%clk 0:53:32]}
18. b5 {[%clk 1:22:47]} Na7 {[%clk 0:45:33]} 19. Qh6+ {[%clk 1:22:36]} Kg8
{[%clk 0:45:15]} 20. h4 {[%clk 1:16:51]} Qf8 {[%clk 0:42:59]} 21. Qf4
{[%clk 1:16:41]} h5 {[%clk 0:40:02]} 22. Rfc1 {[%clk 1:16:26]} Rc8
{[%clk 0:23:43]} 23. Rxc8 {[%clk 1:16:30]} Qxc8 {[%clk 0:23:36]} 24. Ng5
{[%clk 0:55:47]} Be8 {[%clk 0:23:31]} 25. Qf6 {[%clk 0:19:53]} Rh6
{[%clk 0:13:59]} 26. Qe7 {[%clk 0:18:24]} Rh8 {[%clk 0:13:23]} 27. Bxg6
{[%clk 0:15:19]} fxg6 {[%clk 0:12:06]} 28. Nxe6 {[%clk 0:15:26]} Bf7
{[%clk 0:12:05]} 29. Ng5 {[%clk 0:15:10]} Be8 {[%clk 0:01:50]} 30. e6
{[%clk 0:11:46]} Nc6 {[%clk 0:00:34]} 31. bxc6 {[%clk 0:10:54]} Qxc6
{[%clk 0:00:32]} 32. Ra2 {[%clk 0:09:00]} b6 {[%clk 0:00:34]} 33. Rc2
{[%clk 0:03:57]} Qxc2 {[%clk 0:00:42]} 34. Qxe8+ {[%clk 0:04:17]} Kg7
{[%clk 0:01:10]} 35. Qe7+ {[%clk 0:04:33]} Kh6 {[%clk 0:01:39]} 36. Nf7+
{[%clk 0:04:45]} Kh7 {[%clk 0:01:22]} 37. Nxh8+ {[%clk 0:04:39]} Kxh8
{[%clk 0:01:50]} 38. Qf8+ {[%clk 0:05:00]} Kh7 {[%clk 0:02:16]} 39. e7
{[%clk 0:05:20]} Qc1+ {[%clk 0:01:40]} 40. Kh2 {[%clk 0:05:44]} Qc7+
{[%clk 0:01:57]} 41. g3 {[%clk 0:06:01]} g5 {[%clk 0:01:24]} 42. e8=Q
{[%clk 0:06:02]} gxh4 {[%clk 0:01:47]} 43. Qxh5# {[%clk 0:06:18]} 1-0

[Event "Uppsala Young Champions 2016"]
[Site "Uppsala Schackcentrum, Sweden"]
[Date "2016.11.01"]
[Round "7.9"]
[White "Bit-Narva, David"]
[Black "Carlsson, Ludvig"]
[Result "0-1"]
[BlackElo "2013"]
[WhiteElo "2019"]
[LiveChessVersion "1.4.8"]

1. e4 {[%clk 1:30:54]} c5 {[%clk 1:30:52]} 2. Nf3 {[%clk 1:31:17]} e6
{[%clk 1:31:16]} 3. c3 {[%clk 1:31:43]} d5 {[%clk 1:31:32]} 4. e5
{[%clk 1:32:07]} Nc6 {[%clk 1:31:57]} 5. Na3 {[%clk 1:32:32]} Nge7
{[%clk 1:32:07]} 6. Nc2 {[%clk 1:32:52]} Bd7 {[%clk 1:27:45]} 7. d4
{[%clk 1:32:57]} Qb6 {[%clk 1:27:34]} 8. Bd3 {[%clk 1:33:00]} cxd4
{[%clk 1:21:21]} 9. cxd4 {[%clk 1:33:23]} Nb4 {[%clk 1:21:36]} 10. Nxb4
{[%clk 1:33:46]} Qxb4+ {[%clk 1:22:01]} 11. Bd2 {[%clk 1:29:05]} Qxb2
{[%clk 1:22:02]} 12. Rb1 {[%clk 1:26:48]} Qxa2 {[%clk 1:22:25]} 13. O-O
{[%clk 1:11:05]} b6 {[%clk 1:12:28]} 14. Qe2 {[%clk 0:53:55]} Qa4
{[%clk 1:11:57]} 15. Ba6 {[%clk 0:48:31]} Nf5 {[%clk 1:09:38]} 16. Qd3
{[%clk 0:40:03]} Qa3 {[%clk 1:09:34]} 17. Rb3 {[%clk 0:39:08]} Qe7
{[%clk 1:09:36]} 18. Bg5 {[%clk 0:37:07]} f6 {[%clk 1:10:00]} 19. exf6
{[%clk 0:37:14]} gxf6 {[%clk 1:10:24]} 20. Ne5 {[%clk 0:26:30]} fxg5
{[%clk 1:06:27]} 21. Bb5 {[%clk 0:26:56]} Rd8 {[%clk 1:06:44]} 22. Rc3
{[%clk 0:16:16]} Nd6 {[%clk 1:06:02]} 23. Bxd7+ {[%clk 0:07:40]} Rxd7
{[%clk 1:06:23]} 24. Qh3 {[%clk 0:06:41]} Bg7 {[%clk 1:04:38]} 25. Qh5+
{[%clk 0:05:07]} Kf8 {[%clk 1:04:51]} 26. Nxd7+ {[%clk 0:03:51]} Qxd7
{[%clk 1:05:10]} 27. Rfc1 {[%clk 0:03:25]} Nc4 {[%clk 1:04:55]} 28. Rf3+
{[%clk 0:03:34]} Kg8 {[%clk 1:05:15]} 29. Qxg5 {[%clk 0:03:50]} a5
{[%clk 1:02:36]} 30. Re1 {[%clk 0:00:33]} Nd6 {[%clk 1:01:09]} 31. Rfe3
{[%clk 0:00:45]} Ne4 {[%clk 1:00:45]} 32. Qf4 {[%clk 0:00:40]} Bxd4
{[%clk 0:58:48]} 33. Qg4+ {[%clk 0:00:44]} Bg7 {[%clk 0:58:07]} 34. f3
{[%clk 0:00:37]} Nc5 {[%clk 0:58:31]} 35. f4 {[%clk 0:00:33]} h5 {[%clk 0:56:52]}
36. Qg5 {[%clk 0:00:34]} Ne4 {[%clk 0:57:16]} 37. Qg6 {[%clk 0:00:37]} Rh6
{[%clk 0:57:39]} 0-1

[Event "Uppsala Young Champions 2016"]
[Site "Uppsala Schackcentrum, Sweden"]
[Date "2016.11.01"]
[Round "7.10"]
[White "Mitra, Akash"]
[Black "Jäppinen, Erland"]
[Result "0-1"]
[BlackElo "1768"]
[WhiteElo "1515"]
[LiveChessVersion "1.4.8"]

1. e4 {[%clk 1:25:39]} c6 {[%clk 1:30:46]} 2. d4 {[%clk 1:25:56]} d5
{[%clk 1:31:38]} 3. Nc3 {[%clk 1:26:20]} dxe4 {[%clk 1:31:38]} 4. Nxe4
{[%clk 1:26:40]} Bf5 {[%clk 1:32:05]} 5. Ng3 {[%clk 1:27:05]} Bg6
{[%clk 1:32:28]} 6. Nf3 {[%clk 1:27:03]} Nd7 7. h4 {[%clk 1:27:02]} h6
{[%clk 1:33:03]} 8. h5 {[%clk 1:26:51]} Bh7 {[%clk 1:33:29]} 9. Bd3
{[%clk 1:26:52]} Bxd3 {[%clk 1:33:49]} 10. Qxd3 {[%clk 1:27:11]} e6
{[%clk 1:34:16]} 11. Bf4 {[%clk 1:27:02]} Qa5+ {[%clk 1:34:39]} 12. Bd2
{[%clk 1:27:22]} Bb4 {[%clk 1:34:59]} 13. c3 {[%clk 1:26:29]} Be7
{[%clk 1:35:02]} 14. c4 {[%clk 1:25:29]} Qc7 {[%clk 1:35:17]} 15. O-O-O
{[%clk 1:24:59]} Ngf6 {[%clk 1:35:25]} 16. Kb1 {[%clk 1:22:38]} O-O
{[%clk 1:33:48]} 17. Ne4 {[%clk 1:21:33]} Nxe4 {[%clk 1:33:59]} 18. Qxe4
{[%clk 1:21:42]} Nf6 {[%clk 1:34:24]} 19. Qe2 {[%clk 1:20:01]} b5
{[%clk 1:33:23]} 20. g4 {[%clk 1:17:17]} Nxg4 {[%clk 1:26:45]} 21. Rdg1
{[%clk 1:17:08]} f5 {[%clk 1:25:01]} 22. Qxe6+ {[%clk 1:16:49]} Kh8
{[%clk 1:06:23]} 23. Nh4 {[%clk 1:12:29]} Bxh4 {[%clk 1:05:59]} 24. Rxh4
{[%clk 1:12:43]} Rae8 {[%clk 1:05:39]} 25. Qg6 {[%clk 1:11:35]} Qe7
{[%clk 0:54:22]} 26. Re1 {[%clk 1:08:44]} Qxe1+ {[%clk 0:54:22]} 27. Bxe1
{[%clk 1:08:39]} Rxe1+ {[%clk 0:54:47]} 28. Kc2 {[%clk 1:08:36]} Rf6
{[%clk 0:55:10]} 29. Kd2 {[%clk 1:07:47]} Rxg6 {[%clk 0:54:52]} 30. hxg6
{[%clk 1:07:57]} Re8 {[%clk 0:54:19]} 31. cxb5 {[%clk 1:07:44]} cxb5
{[%clk 0:54:32]} 32. f3 {[%clk 1:08:01]} Nf6 {[%clk 0:54:14]} 33. Rf4
{[%clk 1:07:39]} Rd8 {[%clk 0:54:35]} 34. Rxf5 {[%clk 1:06:32]} Rxd4+
{[%clk 0:54:42]} 35. Kc2 {[%clk 1:06:36]} Rd5 {[%clk 0:55:02]} 36. Rxd5
{[%clk 1:04:25]} Nxd5 {[%clk 0:55:22]} 37. a3 {[%clk 1:04:49]} h5
{[%clk 0:55:45]} 38. Kd3 {[%clk 1:04:30]} Nf4+ {[%clk 0:55:56]} 39. Kd4 0-1

[Event "Uppsala Young Champions 2016"]
[Site "Uppsala Schackcentrum, Sweden"]
[Date "2016.11.02"]
[Round "8.1"]
[White "Keinänen, Toivo"]
[Black "Ragnarsson, Dagur"]
[Result "1/2-1/2"]
[BlackElo "2232"]
[WhiteElo "2345"]
[LiveChessVersion "1.4.8"]

1. c4 {[%clk 1:30:59]} c6 {[%clk 1:29:35]} 2. g3 {[%clk 1:31:10]} d5
{[%clk 1:30:00]} 3. Nf3 {[%clk 1:31:35]} Nf6 {[%clk 1:30:25]} 4. b3
{[%clk 1:30:34]} Bg4 {[%clk 1:30:24]} 5. Bg2 {[%clk 1:30:05]} Nbd7
{[%clk 1:30:47]} 6. Bb2 {[%clk 1:29:34]} Bxf3 {[%clk 1:29:00]} 7. Bxf3
{[%clk 1:29:59]} e5 {[%clk 1:29:24]} 8. O-O {[%clk 1:23:23]} Bd6 {[%clk 1:29:22]}
9. cxd5 {[%clk 1:21:07]} cxd5 {[%clk 1:29:03]} 10. Nc3 {[%clk 1:16:14]} Qa5
{[%clk 1:23:43]} 11. a3 {[%clk 1:09:52]} e4 {[%clk 1:23:27]} 12. Bg2
{[%clk 1:08:22]} h5 {[%clk 0:42:02]} 13. b4 {[%clk 1:02:29]} Qb6 {[%clk 0:40:47]}
14. d3 {[%clk 0:50:54]} h4 {[%clk 0:37:48]} 15. Na4 {[%clk 0:46:19]} Qa6
{[%clk 0:33:54]} 16. dxe4 {[%clk 0:44:53]} hxg3 {[%clk 0:29:59]} 17. hxg3
{[%clk 0:43:28]} Ng4 {[%clk 0:21:53]} 18. b5 {[%clk 0:37:20]} Qxb5
{[%clk 0:19:40]} 19. Qxd5 {[%clk 0:37:29]} Qxd5 {[%clk 0:17:48]} 20. exd5
{[%clk 0:37:54]} O-O {[%clk 0:16:45]} 21. Bh3 {[%clk 0:36:42]} f5
{[%clk 0:16:42]} 22. e4 {[%clk 0:35:17]} g6 {[%clk 0:15:21]} 23. exf5
{[%clk 0:32:56]} gxf5 {[%clk 0:15:44]} 24. Rfe1 {[%clk 0:28:35]} Rae8
{[%clk 0:12:25]} 25. Bd4 {[%clk 0:26:04]} b6 {[%clk 0:10:43]} 26. Kg2
{[%clk 0:25:02]} Kf7 {[%clk 0:09:28]} 27. f3 {[%clk 0:22:48]} Nh6
{[%clk 0:07:13]} 28. g4 {[%clk 0:19:21]} Kg6 {[%clk 0:03:59]} 29. Nc3
{[%clk 0:14:25]} Ne5 {[%clk 0:03:14]} 30. Nb5 {[%clk 0:11:27]} Bb8
{[%clk 0:03:19]} 31. gxf5+ {[%clk 0:10:25]} Nxf5 {[%clk 0:03:47]} 32. Bf2
{[%clk 0:09:12]} Ng7 {[%clk 0:02:21]} 33. Nd4 {[%clk 0:07:44]} Nd3
{[%clk 0:02:49]} 34. Rxe8 {[%clk 0:07:36]} Rxe8 {[%clk 0:03:00]} 35. Bg3
{[%clk 0:05:41]} Bxg3 {[%clk 0:03:11]} 36. Kxg3 {[%clk 0:06:10]} Nh5+
{[%clk 0:03:26]} 37. Kh2 {[%clk 0:06:22]} Nhf4 {[%clk 0:02:36]} 38. Bf5+
{[%clk 0:05:56]} Kf6 {[%clk 0:02:58]} 39. Bxd3 {[%clk 0:06:14]} Nxd3
{[%clk 0:03:20]} 40. Rd1 {[%clk 0:05:00]} Nf4 {[%clk 0:02:55]} 41. d6
{[%clk 0:03:50]} Rh8+ {[%clk 0:01:56]} 42. Kg3 {[%clk 0:03:53]} Ne6
{[%clk 0:02:23]} 43. Nc6 {[%clk 0:03:48]} Nd8 {[%clk 0:00:52]} 44. Nxa7
{[%clk 0:04:08]} Ke6 {[%clk 0:01:08]} 45. Nc8 {[%clk 0:03:34]} b5
{[%clk 0:01:05]} 46. d7 {[%clk 0:03:21]} Rh5 {[%clk 0:00:54]} 47. Rd6+
{[%clk 0:02:56]} Kf7 {[%clk 0:00:38]} 48. Rb6 {[%clk 0:03:06]} Rd5
{[%clk 0:00:57]} 49. Rxb5 {[%clk 0:03:17]} Rxd7 {[%clk 0:01:09]} 50. Ra5
{[%clk 0:02:31]} Kf6 {[%clk 0:01:18]} 51. Ra6+ {[%clk 0:02:48]} Ke5
{[%clk 0:01:29]} 52. f4+ {[%clk 0:02:32]} Ke4 {[%clk 0:01:13]} 53. Nd6+
{[%clk 0:02:56]} Ke3 {[%clk 0:00:39]} 54. Nf5+ {[%clk 0:02:25]} Ke4
{[%clk 0:01:03]} 55. Kg4 {[%clk 0:02:19]} Nf7 {[%clk 0:00:43]} 56. Re6+
{[%clk 0:02:28]} Kd5 {[%clk 0:01:03]} 57. Re3 {[%clk 0:02:10]} Ra7
{[%clk 0:01:17]} 58. Ne7+ {[%clk 0:02:12]} Kc4 {[%clk 0:00:56]} 59. f5
{[%clk 0:01:34]} Ra5 {[%clk 0:00:39]} 60. Rf3 {[%clk 0:01:53]} Ne5+
{[%clk 0:01:04]} 61. Kf4 {[%clk 0:02:13]} Nxf3 {[%clk 0:01:26]} 62. Kxf3
{[%clk 0:02:38]} Rxf5+ {[%clk 0:01:51]} 63. Nxf5 {[%clk 0:03:04]} Kb3
{[%clk 0:02:17]} 64. Ke4 1/2-1/2

[Event "Uppsala Young Champions 2016"]
[Site "Uppsala Schackcentrum, Sweden"]
[Date "2016.11.02"]
[Round "8.2"]
[White "Tuomainen, Felix"]
[Black "Stefansson, Vignir Vatnar"]
[Result "1/2-1/2"]
[BlackElo "2163"]
[WhiteElo "2198"]
[LiveChessVersion "1.4.8"]

1. d4 {[%clk 1:23:50]} Nf6 {[%clk 1:30:36]} 2. c4 {[%clk 1:23:47]} e6
{[%clk 1:31:05]} 3. Nf3 {[%clk 1:24:12]} c5 {[%clk 1:31:32]} 4. Nc3
{[%clk 1:23:08]} cxd4 {[%clk 1:31:47]} 5. Nxd4 {[%clk 1:23:32]} d5
{[%clk 1:30:33]} 6. g3 {[%clk 1:21:09]} e5 {[%clk 1:30:11]} 7. Nf3
{[%clk 1:18:19]} d4 {[%clk 1:21:49]} 8. Nb1 {[%clk 1:15:36]} Nc6 {[%clk 1:22:11]}
9. Bg2 {[%clk 1:14:50]} h6 {[%clk 1:21:35]} 10. O-O {[%clk 1:13:18]} Be7
{[%clk 1:13:05]} 11. Qb3 {[%clk 1:08:21]} O-O {[%clk 1:13:02]} 12. e3
{[%clk 1:08:01]} Be6 {[%clk 1:12:20]} 13. exd4 {[%clk 1:04:29]} e4
{[%clk 1:11:08]} 14. Nfd2 {[%clk 0:55:03]} Nxd4 {[%clk 1:11:33]} 15. Qa4
{[%clk 0:55:11]} Bd7 {[%clk 1:11:13]} 16. Qd1 {[%clk 0:55:13]} Bg4
{[%clk 1:11:37]} 17. Qa4 {[%clk 0:55:28]} a6 {[%clk 1:07:57]} 18. Nxe4
{[%clk 0:50:15]} Nxe4 {[%clk 0:57:02]} 19. Bxe4 {[%clk 0:50:39]} Be2
{[%clk 0:57:29]} 20. Be3 {[%clk 0:45:51]} Bxf1 {[%clk 0:51:40]} 21. Kxf1
{[%clk 0:46:12]} Ne6 {[%clk 0:49:58]} 22. Nc3 {[%clk 0:41:44]} Nc5
{[%clk 0:48:44]} 23. Qc2 {[%clk 0:41:43]} Nxe4 {[%clk 0:48:18]} 24. Qxe4
{[%clk 0:42:09]} Re8 {[%clk 0:44:36]} 25. Rd1 {[%clk 0:42:10]} Qa5
{[%clk 0:44:09]} 26. Nd5 {[%clk 0:35:17]} Bg5 {[%clk 0:43:34]} 27. Qf5
{[%clk 0:34:09]} Qxa2 {[%clk 0:43:33]} 28. Bxg5 {[%clk 0:25:31]} Qxc4+
{[%clk 0:43:39]} 29. Kg1 {[%clk 0:25:35]} hxg5 {[%clk 0:43:57]} 30. Nb6
{[%clk 0:24:13]} Qb3 {[%clk 0:43:51]} 31. Rd7 {[%clk 0:24:31]} Rad8
{[%clk 0:43:10]} 32. Rxb7 {[%clk 0:22:47]} Qe6 {[%clk 0:43:01]} 33. Qxe6
{[%clk 0:22:34]} Rxe6 {[%clk 0:43:24]} 34. Nc4 {[%clk 0:22:52]} g6
{[%clk 0:42:51]} 35. Kf1 {[%clk 0:21:18]} Rd1+ {[%clk 0:43:07]} 36. Kg2
{[%clk 0:21:43]} Rd3 {[%clk 0:43:31]} 37. b4 {[%clk 0:21:15]} Rb3
{[%clk 0:42:49]} 38. Ne3 {[%clk 0:20:31]} Rb2 {[%clk 0:42:18]} 39. Ng4
{[%clk 0:19:29]} Kg7 {[%clk 0:42:40]} 40. h3 {[%clk 0:19:32]} a5 {[%clk 0:40:40]}
41. b5 {[%clk 0:19:57]} a4 {[%clk 0:41:03]} 42. Ra7 {[%clk 0:19:10]} Rb4
{[%clk 0:40:22]} 43. Ne3 {[%clk 0:19:33]} Re5 {[%clk 0:39:52]} 44. Nc2
{[%clk 0:19:44]} Rb2 {[%clk 0:39:59]} 45. Nd4 {[%clk 0:19:40]} Re4
{[%clk 0:38:29]} 46. Rxa4 {[%clk 0:19:06]} Rd2 {[%clk 0:33:31]} 47. b6
{[%clk 0:18:56]} Rb2 {[%clk 0:33:23]} 48. Kf3 {[%clk 0:18:05]} Re8
{[%clk 0:33:43]} 49. Ra5 {[%clk 0:17:26]} Rxb6 {[%clk 0:33:17]} 50. Rxg5
{[%clk 0:16:54]} f5 {[%clk 0:30:27]} 51. h4 {[%clk 0:15:31]} Kf6 {[%clk 0:30:50]}
52. g4 {[%clk 0:15:33]} Rb4 {[%clk 0:29:51]} 53. Nc2 {[%clk 0:15:40]} Rxg4
{[%clk 0:28:40]} 54. Rxg4 {[%clk 0:15:59]} fxg4+ {[%clk 0:29:06]} 55. Kg3
{[%clk 0:15:02]} g5 {[%clk 0:28:47]} 56. Ne3 {[%clk 0:15:01]} gxh4+
{[%clk 0:28:25]} 57. Kxh4 {[%clk 0:15:23]} Ke5 {[%clk 0:28:36]} 58. Kg3
{[%clk 0:15:19]} Rg8 {[%clk 0:28:27]} 59. Nxg4+ {[%clk 0:15:34]} Kf5
{[%clk 0:28:51]} 60. f3 {[%clk 0:15:58]} Rg7 {[%clk 0:29:05]} 61. Kf2
{[%clk 0:14:48]} Kf4 {[%clk 0:28:47]} 62. Ne3 {[%clk 0:14:52]} Ke5 1/2-1/2